000 00708nam a22002537a 4500
001 BR9510399
003 BR-BrBNA
005 20230928095136.0
007 ta
008 230509b bl.||||| |||| 00| 0 por d
040 _aBR-BrBNA
_bpor
_cBiblioteca Nacional de Agricultura
041 _a(Por)
072 _aC20
090 _ C20 BR9510399
110 1 _aMinisterio do Interior, Brasilia, DF (Brasil)
_97113
245 1 _aAssistencia tecnica e extensao rural - Area do PRODIATI - 1985/1994
260 3 _aBrasilia, DF (Brasil):
_c1984.
300 _a45 p.
650 _aAssistencia Tecnica
650 _aExtensao Rural
650 _aTocantins
909 _a202309
_bLucia
_c55
_dLucia Elande
942 _cBK
999 _c54772
_d54772